| 000 | 00486nam a22001457a 4500 | ||
|---|---|---|---|
| 008 | 140205b xxu||||| |||| 00| 0 eng d | ||
| 020 | _a0-19-824922-5 | ||
| 050 | _aJA83.G68 1985 | ||
| 100 |
_aGraham, Gordon _97949 |
||
| 245 |
_aPolitics in its Place _ba study of six ideologies _cGordon Graham |
||
| 260 |
_aOxford _bClarendon Press _c1986 |
||
| 300 |
_aviii, 195p. ; _c22cm. |
||
| 650 |
_aPolitical Science _xHistory _xPhilosophy _xIdeology _y20th Century _97950 |
||
| 942 |
_2lcc _cMONOGRAPH |
||
| 999 |
_c119941 _d119941 |
||